Statistiken für Gemeinden im Landkreis Biberach

Klicken Sie hier um das Quiz zu spielen!

Allgemein

  • Dieses Quiz wurde 39 mal gespielt
  • Das Durchschnittsergebnis liegt bei 14 aus 45

Antwortstatistiken

% Korrekt
Biberach
79%
Laupheim
67%
Ochsenhausen
58%
Bad Schussenried
54%
Mittelbiberach
54%
Warthausen
54%
Bad Buchau
50%
Riedlingen
46%
Ummendorf
46%
Schemmerhofen
42%
Schwendi
42%
Altheim
29%
Berkheim
29%
Dürmentingen
29%
Dürnau
29%
Kirchdorf an der Iller
29%
Maselheim
29%
Moosburg
29%
Oggelshausen
29%
Rot an der Rot
29%
Tannheim
29%
Unlingen
29%
Wain
29%
Attenweiler
25%
Dettingen an der Iller
25%
Eberhardzell
25%
Ertingen
25%
Hochdorf
25%
Kirchberg an der Iller
25%
Seekirch
25%
Steinhausen an der Rottum
25%
Tiefenbach
25%
Achstetten
21%
Alleshausen
21%
Allmannsweiler
21%
Betzenweiler
21%
Erlenmoos
21%
Erolzheim
21%
Ingoldingen
21%
Kanzach
21%
Mietingen
21%
Uttenweiler
21%
Burgrieden
17%
Gutenzell-Hürbel
17%
Langenenslingen
17%

Verteilung der Resultate

Perzentil nach korrekt beantworteten Fragen

Anzahl Personen mit jedem Resultat

Ihre Resultats-Entwicklung

Sie haben dieses Quiz noch nicht gespielt